Logo BPK

Biblioteka

Politechniki Koszalińskiej

Nicolaus Copernicus and his epoch / (Rekord nr 47247)

Szczegóły MARC
000 -ETYKIETA REKORDU
podpole kontrolne o stałej długości 00638nam a2200193 i 4500
001 - NUMER KONTROLNY REKORDU
pole kontrolne bgj
020 ## - MIĘDZYNARODOWY ZNORMALIZOWANY NUMER KSIĄŻKI - ISBN
ISBN hbk, jacket
040 ## - ŹRÓDŁO KATALOGOWANIA
Instytucja, która utworzyła rekord BPK
041 0# - KOD JĘZYKA
Kod języka tekstu eng
008 - POLE O STAŁEJ DŁUGOŚCI - DANE KONTROLNE
podpole kontrolne o stałej długości s uk f |000 0 eng
100 1# - NAZWA OSOBOWA
Nazwa osobowa ADAMCZEWSKI, Adam.
245 10 - TYTUŁ/ODPOWIEDZIALNOŚĆ
Tytuł Nicolaus Copernicus and his epoch /
Pozostałe elementy strefy tytułu i oznaczenia odpowiedzialności Jan Adamczewski ; in coop. with Edward J. Piszek.
260 ## - STREFA ADRESU WYDAWNICZEGO
Miejsce wydania Philadelphia, Pa ; Washington D.C. :
Nazwa wydawcy/dystrybutora Copernicus Society of America,
Data publikacji, dystrybucji/powstania dokumentu [ca 1980].
300 ## - STREFA OPISU FIZYCZNEGO
Objętość 161, [3] pp, 6 l. colour plates :
Inne cechy fizyczne phot., portr. ;
Rozmiary 27 cm.
600 19 - HASŁO PRZEDMIOTOWE W FORMIE NAZWY OSOBOWEJ
Nazwa osobowa Copernicus Nicolaus (1472-1543)
655 ## - TERMIN INDEKSOWY - OKREŚLENIE RODZAJU/FORMY DOKUMENTU
Określenie rodzaju/formy dokumentu Biographies
700 1# - HASŁO DODATKOWE - NAZWA OSOBOWA
Nazwa osobowa PISZEK, Edward J.
Określenie związku między hasłem a opisywanym materiałem coop.
856 ## - LOKALIZACJA I DOSTĘP DO ELEKTRONICZNYCH DOKUMENTÓW ZDALNYCH
Link (URL) http://koha.tu.koszalin.pl/cgi-bin/koha/opac-detail.pl?biblionumber=47247
Tekst linku Katalog online BPK
942 ## - DODATKOWE ELEMENTY (KOHA)
Typ dokumentu Książka
Egzemplarze
Wycofany Status egzemplarza Uszkodzony Dostępność Lokalizacja stała Lokalizacja bieżąca Miejsce przechowywania Sygnatura Kod kreskowy Typ dokumentu
      Dostępny Biblioteka Politechniki Koszalińskiej Biblioteka Politechniki Koszalińskiej Wypożyczalnia Językowa KA 2623 09018440 Książka
      Dostępny Biblioteka Politechniki Koszalińskiej Biblioteka Politechniki Koszalińskiej Wypożyczalnia Językowa KA 2624 09056855 Książka
© 2023 Biblioteka Politechniki Koszalińskiej :: KOHA